L'art poétique = El arte poético /
Պահպանված է:
| Հիմնական հեղինակ: | |
|---|---|
| Ձևաչափ: | Անհայտ |
| Լեզու: | French |
| Հրապարակվել է: |
Paris :
Larousse,
1972.
|
| Խորագրեր: | |
| Ցուցիչներ: |
Ավելացրեք ցուցիչ
Չկան պիտակներ, Եղեք առաջինը, ով նշում է այս գրառումը!
|
MARC
| LEADER | 000000000a22000000004500 | ||
|---|---|---|---|
| 001 | 013156 | ||
| 041 | 0 | |a fre | |
| 082 | 0 | 4 | |a 841.4 |b B679a |
| 100 | 1 | |a Boileau Despréaux, Nicolas, |d 1636-1711 | |
| 245 | 1 | 0 | |a L'art poétique = |b El arte poético / |c Nicolas Boileau Despréaux. |
| 260 | 1 | |a Paris : |b Larousse, |c 1972. | |
| 300 | |a 175 páginas, [1] láminas : |b ilustraciones (algunas a color) ; |c 17 cm. | ||
| 650 | 4 | |a POESIA | |
| 650 | 4 | |a ARTE POETICO | |
| 500 | |a Colección George Yúdice | ||
| 999 | |c 19093 |d 19093 | ||
| 942 | |c BK |h 841.4 B679a |2 z | ||
